000 00639nam a2200241 a 4500
001 0001-1035
003 ELIB.Books
008 141113 2010 eng
020 _a0824505654
035 _a(ELIB.Books)0001-1189
092 _a220.64
_bMol
100 _aMollenkott, Virginia Ramey.
245 _aThe Divine Feminine:
_bThe Biblical Imagery of God as Female
260 _aNew York
_bCrossroad
_c1983
300 _a119
_c21 Cm
500 _aLibrary
650 _aBiblical Teaching
856 _nKBTS; Library
_uKBTS; Elib.
942 _2ddc
_cBK
990 _a1
998 _cbat
_e2014-11-13
999 _c11035
_d11035